000 00629nam a2200229Ia 4500
003 OSt
005 20220918192417.0
006 a|||||r|||| 00| 0
007 ta
008 220917b |||||||| |||| 00| 0 eng d
024 _a68,218
037 _cTextual
040 _aARTS
_cARTS
_beng
041 _2eng
_aeng
082 _aO:2J64:9, J63
100 _aKnight G Wilson
_911509
245 0 _aWheel of fire
_b Interpretations of Shakespearian tragedy with three new essays
260 _c1956
650 _aENGLISH LITERATURE
942 _hO:2J64:9, J63
_cTEXL
_2CC
999 _c194400
_d194400